[Event "NB1 Maroczy csoport"]
[Site "Budapest"]
[Date "2024.12.15"]
[Round "4.9"]
[White "Kovacs, Tamas"]
[Black "Feher, Tamas"]
[Result "0-1"]
[WhiteElo "2075"]
[BlackElo "2091"]
[PlyCount "66"]
[GameId "2123415116559520"]
[EventDate "2024.11.03"]
[EventType "team-tourn"]
[EventRounds "11"]
[EventCountry "HUN"]
[Source "chess.hu"]
[WhiteTeam "DVTK I."]
[BlackTeam "HUSI SC"]
[WhiteTeamCountry "HUN"]
[BlackTeamCountry "HUN"]

1. d4 d5 2. c4 e6 3. Nc3 c6 4. cxd5 exd5 5. Nf3 Bd6 6. Qc2 Ne7 7. e4 dxe4 8. Nxe4 Bf5 9. Bd3 Bxe4 10. Bxe4 Nd7 11. O-O h6 12. Re1 O-O 13. Ne5 Nf6 14. Bd3 Ned5 15. a3 Re8 16. Bd2 Qc7 17. f4 Qb6 18. Qc4 Qxb2 19. Ba5 b5 20. Qxc6 Qxd4+ 21. Kh1 Bxe5 22. fxe5 Ng4 23. Ra2 Qf4 24. g3 Qf3+ 25. Kg1 Qxd3 26. Rd2 Qxa3 27. Qxd5 Qxa5 28. e6 Qb6+ 29. Kg2 fxe6 30. Qe4 Nf6 31. Qg6 Qc6+ 32. Kh3 Qf3 33. Qc2 Qf5+ 0-1

[Event "NB1 Maroczy csoport"]
[Site "Budapest"]
[Date "2024.12.15"]
[Round "4.10"]
[White "Szabolcsi, Janos"]
[Black "Peredi, Oliver"]
[Result "1-0"]
[WhiteElo "2156"]
[BlackElo "2026"]
[PlyCount "65"]
[GameId "2123415151273138"]
[EventDate "2024.11.03"]
[EventType "team-tourn"]
[EventRounds "11"]
[EventCountry "HUN"]
[Source "chess.hu"]
[WhiteTeam "HUSI SC"]
[BlackTeam "DVTK I."]
[WhiteTeamCountry "HUN"]
[BlackTeamCountry "HUN"]

1. d4 Nf6 2. c4 e6 3. Nf3 b6 4. a3 Bb7 5. Nc3 d5 6. cxd5 Nxd5 7. Qc2 Nxc3 8. bxc3 c5 9. e4 Nd7 10. Bd3 Qc7 11. O-O Be7 12. Qe2 O-O 13. a4 Rfd8 14. Re1 cxd4 15. cxd4 Bb4 16. Rd1 Nf6 17. Bg5 Rac8 18. e5 Nd5 19. Bxd8 Qxd8 20. Qe4 g6 21. Rdc1 Bc3 22. Rab1 Rc7 23. Bf1 Qc8 24. Qh4 Kg7 25. Ng5 h6 26. Ne4 Bxd4 27. Rxc7 Qxc7 28. Nd6 Qc2 29. Qxd4 Qxb1 30. Nxb7 Qc1 31. g3 Nc3 32. Kg2 Nd5 33. Nd6 1-0

[Event "NB1 Maroczy csoport"]
[Site "Budapest"]
[Date "2024.12.15"]
[Round "4.11"]
[White "Herczeg, Marcell"]
[Black "Horvath, Antal Jr"]
[Result "1/2-1/2"]
[WhiteElo "2085"]
[BlackElo "2052"]
[PlyCount "118"]
[GameId "2123415187498178"]
[EventDate "2024.11.03"]
[EventType "team-tourn"]
[EventRounds "11"]
[EventCountry "HUN"]
[Source "chess.hu"]
[WhiteTeam "DVTK I."]
[BlackTeam "HUSI SC"]
[WhiteTeamCountry "HUN"]
[BlackTeamCountry "HUN"]

1. e4 c5 2. Nf3 e6 3. d4 cxd4 4. Nxd4 a6 5. c4 Qc7 6. Nc3 Nf6 7. a3 Be7 8. Be3 d6 9. Be2 Nbd7 10. Rc1 b6 11. O-O Bb7 12. f3 O-O 13. Qd2 Rac8 14. Rfd1 Rfd8 15. b4 Qb8 16. Qa2 Bf8 17. Nb3 Bc6 18. Bf4 Nh5 19. Bg5 Nhf6 20. Bf1 h6 21. Bf4 Nh5 22. Be3 Qa8 23. Qf2 Rb8 24. a4 a5 25. bxa5 bxa5 26. Nb5 Nhf6 27. Ba7 Bxb5 28. cxb5 Rb7 29. Bd4 Rdb8 30. Rc6 Nc5 31. Nxc5 dxc5 32. Bxc5 Bxc5 33. Qxc5 Nd7 34. Qc2 Qa7+ 35. Kh1 Nb6 36. Rdd6 Kh7 37. h3 e5 38. Bc4 Nxc4 39. Qxc4 Qf2 40. Qc2 Qe1+ 41. Kh2 Qb4 42. Rd5 f6 43. Rc4 Qe7 44. Qc3 Ra8 45. Qe3 h5 46. h4 Rd7 47. Qc5 Qd8 48. Rxd7 Qxd7 49. Qc6 Qd8 50. b6 Ra6 51. Qc7 Qd2 52. b7 Qf2 53. Rc1 f5 54. Qd8 Rg6 55. Rg1 Rb6 56. exf5 Rb4 57. Rb1 Rxh4+ 58. Qxh4 Qxh4+ 59. Kg1 Qd4+ 1/2-1/2

[Event "NB1 Maroczy csoport"]
[Site "Budapest"]
[Date "2024.12.15"]
[Round "4.12"]
[White "Zakar, Adam"]
[Black "Lazsadi, Kerka Lilla"]
[Result "0-1"]
[WhiteElo "1854"]
[BlackElo "1837"]
[PlyCount "54"]
[GameId "2123415221970140"]
[EventDate "2024.11.03"]
[EventType "team-tourn"]
[EventRounds "11"]
[EventCountry "HUN"]
[Source "chess.hu"]
[WhiteTeam "HUSI SC"]
[BlackTeam "DVTK I."]
[WhiteTeamCountry "HUN"]
[BlackTeamCountry "HUN"]

1. d4 d5 2. Bf4 Nf6 3. e3 g6 4. c4 c6 5. Nc3 Bg7 6. Nf3 Nh5 7. Bg3 Nxg3 8. hxg3 O-O 9. Qb3 e6 10. Be2 Nd7 11. O-O dxc4 12. Bxc4 e5 13. d5 cxd5 14. Bxd5 Nb6 15. Rfd1 Nxd5 16. e4 Rb8 17. Rxd5 Qe7 18. Qb5 Be6 19. Qc5 Qxc5 20. Rxc5 Rfc8 21. Ra5 a6 22. Rd1 f6 23. Rd6 Kf7 24. Kf1 Bf8 25. Rd2 Bb4 26. Ra4 a5 27. Nb5 Bc4+ 0-1

[Event "NB1 Maroczy csoport"]
[Site "Debrecen"]
[Date "2024.12.15"]
[Round "4.1"]
[White "Ardelean, George-Catalin"]
[Black "Nomin-Erdene, Davaademberel"]
[Result "1/2-1/2"]
[WhiteElo "2436"]
[BlackElo "2322"]
[PlyCount "21"]
[GameId "2123414094934569"]
[EventDate "2024.11.03"]
[EventType "team-tourn"]
[EventRounds "11"]
[EventCountry "HUN"]
[Source "chess.hu"]
[WhiteTeam "NYVSC"]
[BlackTeam "DEAC-Debr.Sakkiskola"]
[WhiteTeamCountry "HUN"]
[BlackTeamCountry "HUN"]

1. e4 c5 2. Nf3 Nc6 3. Bc4 e6 4. O-O a6 5. c3 d5 6. exd5 exd5 7. Bb3 Bd6 8. d4 c4 9. Bc2 Bg4 10. h3 Bh5 11. b3 1/2-1/2

[Event "NB1 Maroczy csoport"]
[Site "Debrecen"]
[Date "2024.12.15"]
[Round "4.2"]
[White "Mester, Gyula"]
[Black "Varadi, Viktor"]
[Result "0-1"]
[WhiteElo "2290"]
[BlackElo "2358"]
[PlyCount "56"]
[GameId "2123414130778681"]
[EventDate "2024.11.03"]
[EventType "team-tourn"]
[EventRounds "11"]
[EventCountry "HUN"]
[Source "chess.hu"]
[WhiteTeam "DEAC-Debr.Sakkiskola"]
[BlackTeam "NYVSC"]
[WhiteTeamCountry "HUN"]
[BlackTeamCountry "HUN"]

1. e4 c5 2. Nf3 e6 3. c4 Nc6 4. Nc3 Nd4 5. Nxd4 cxd4 6. Ne2 e5 7. Ng3 g6 8. Be2 h5 9. d3 Bb4+ 10. Bd2 Bxd2+ 11. Qxd2 h4 12. Nf1 d6 13. h3 Nf6 14. O-O-O b5 15. cxb5 Be6 16. Kb1 a6 17. b6 Qxb6 18. f4 exf4 19. Qxf4 Rb8 20. Rd2 Qa5 21. b3 Bxb3 22. axb3 Rxb3+ 23. Rb2 Rxb2+ 24. Kxb2 Ke7 25. Bd1 Rb8+ 26. Kc1 Qc3+ 27. Bc2 Qe1+ 28. Bd1 Rc8+ 0-1

[Event "NB1 Maroczy csoport"]
[Site "Debrecen"]
[Date "2024.12.15"]
[Round "4.3"]
[White "Varga, Csaba Zoltan"]
[Black "Emodi, Barnabas"]
[Result "1/2-1/2"]
[WhiteElo "2207"]
[BlackElo "2325"]
[PlyCount "61"]
[GameId "2123414167532105"]
[EventDate "2024.11.03"]
[EventType "team-tourn"]
[EventRounds "11"]
[EventCountry "HUN"]
[Source "chess.hu"]
[WhiteTeam "NYVSC"]
[BlackTeam "DEAC-Debr.Sakkiskola"]
[WhiteTeamCountry "HUN"]
[BlackTeamCountry "HUN"]

1. e4 c5 2. a3 Nf6 3. e5 Nd5 4. d4 cxd4 5. Nf3 Nc6 6. Bc4 e6 7. O-O Nb6 8. Bd3 d6 9. Re1 dxe5 10. Nxe5 Nxe5 11. Rxe5 g6 12. Bb5+ Bd7 13. Bg5 Be7 14. Bxe7 Qxe7 15. Qxd4 O-O 16. Nc3 Rfd8 17. Qb4 Qxb4 18. axb4 a6 19. Bd3 Rac8 20. Rc5 Bc6 21. f3 Rd4 22. b5 axb5 23. Nxb5 Ra4 24. Rb1 Nd7 25. Rc3 Ne5 26. Be2 Rd8 27. Rc5 f6 28. b3 Ra2 29. Rc1 Rd2 30. Bf1 g5 31. b4 1/2-1/2

[Event "NB1 Maroczy csoport"]
[Site "Debrecen"]
[Date "2024.12.15"]
[Round "4.4"]
[White "Deak, Sandor"]
[Black "Okhotnik, Vladimir"]
[Result "1/2-1/2"]
[WhiteElo "2230"]
[BlackElo "2252"]
[PlyCount "50"]
[GameId "2123414198309465"]
[EventDate "2024.11.03"]
[EventType "team-tourn"]
[EventRounds "11"]
[EventCountry "HUN"]
[Source "chess.hu"]
[WhiteTeam "DEAC-Debr.Sakkiskola"]
[BlackTeam "NYVSC"]
[WhiteTeamCountry "HUN"]
[BlackTeamCountry "HUN"]

1. e4 c5 2. Nf3 Nf6 3. e5 Nd5 4. Nc3 e6 5. Ne4 d6 6. exd6 Bxd6 7. Bb5+ Nc6 8. Bxc6+ bxc6 9. Nxd6+ Qxd6 10. O-O O-O 11. Re1 f6 12. d3 Nc7 13. b3 e5 14. Nd2 Ne6 15. a4 Qd5 16. Nc4 Ba6 17. Ba3 Bxc4 18. dxc4 Qxd1 19. Rexd1 Rfd8 20. Kf1 Kf7 21. Ke1 Ke7 22. Rxd8 Rxd8 23. Rd1 Rxd1+ 24. Kxd1 Kd6 25. c3 e4 1/2-1/2

[Event "NB1 Maroczy csoport"]
[Site "Debrecen"]
[Date "2024.12.15"]
[Round "4.5"]
[White "Anghelus, Alin-Gabriel"]
[Black "Ag, Norbert Dr."]
[Result "1/2-1/2"]
[WhiteElo "2200"]
[BlackElo "2313"]
[PlyCount "29"]
[GameId "2123414282953324"]
[EventDate "2024.11.03"]
[EventType "team-tourn"]
[EventRounds "11"]
[EventCountry "HUN"]
[Source "chess.hu"]
[WhiteTeam "NYVSC"]
[BlackTeam "DEAC-Debr.Sakkiskola"]
[WhiteTeamCountry "HUN"]
[BlackTeamCountry "HUN"]

1. d4 d5 2. Bf4 c6 3. e3 Qb6 4. Qc1 Bf5 5. Nf3 Nf6 6. Be2 e6 7. Nbd2 h6 8. O-O Be7 9. Ne5 Nbd7 10. Bd3 Bxd3 11. Nxd3 Nh5 12. Be5 Nhf6 13. Bf4 Nh5 14. Be5 Nhf6 15. Bf4 1/2-1/2

[Event "NB1 Maroczy csoport"]
[Site "Debrecen"]
[Date "2024.12.15"]
[Round "4.6"]
[White "Laszlo, Janos"]
[Black "Varga, Marcell"]
[Result "1/2-1/2"]
[WhiteElo "2135"]
[BlackElo "2158"]
[PlyCount "45"]
[GameId "2123414316094076"]
[EventDate "2024.11.03"]
[EventType "team-tourn"]
[EventRounds "11"]
[EventCountry "HUN"]
[Source "chess.hu"]
[WhiteTeam "DEAC-Debr.Sakkiskola"]
[BlackTeam "NYVSC"]
[WhiteTeamCountry "HUN"]
[BlackTeamCountry "HUN"]

1. e4 e5 2. d4 exd4 3. Qxd4 Nc6 4. Qe3 Nf6 5. Nc3 Bb4 6. Bd2 O-O 7. O-O-O Re8 8. Bc4 d6 9. Nf3 Be6 10. Bxe6 Rxe6 11. Ng5 Re8 12. f4 h6 13. h4 Qd7 14. Qd3 Qg4 15. Rh3 Nh5 16. Nd5 Bxd2+ 17. Qxd2 hxg5 18. hxg5 Rxe4 19. Rdh1 Rae8 20. Nc3 Rd4 21. Rxh5 Qxh5 22. Rxh5 Rxd2 23. Kxd2 1/2-1/2

[Event "NB1 Maroczy csoport"]
[Site "Debrecen"]
[Date "2024.12.15"]
[Round "4.7"]
[White "Hibjan, Tamas"]
[Black "Tran, David"]
[Result "1/2-1/2"]
[WhiteElo "2154"]
[BlackElo "2179"]
[PlyCount "51"]
[GameId "2123414350316172"]
[EventDate "2024.11.03"]
[EventType "team-tourn"]
[EventRounds "11"]
[EventCountry "HUN"]
[Source "chess.hu"]
[WhiteTeam "NYVSC"]
[BlackTeam "DEAC-Debr.Sakkiskola"]
[WhiteTeamCountry "HUN"]
[BlackTeamCountry "HUN"]

1. e4 e5 2. Nf3 Nc6 3. Bb5 a6 4. Ba4 Nf6 5. O-O Be7 6. Re1 b5 7. Bb3 O-O 8. h3 d6 9. c3 Nb8 10. d4 Nbd7 11. Nbd2 Bb7 12. Bc2 Re8 13. Nf1 Bf8 14. Ng3 g6 15. d5 c6 16. dxc6 Bxc6 17. Nh2 d5 18. exd5 Nxd5 19. a4 Nc5 20. Ng4 Bg7 21. Nh6+ Bxh6 22. Bxh6 Nf4 23. Ne4 Nxe4 24. Bxe4 Bxe4 25. Rxe4 Qxd1+ 26. Rxd1 1/2-1/2

[Event "NB1 Maroczy csoport"]
[Site "Debrecen"]
[Date "2024.12.15"]
[Round "4.8"]
[White "Bai, Attila"]
[Black "Egyed, Judit"]
[Result "1-0"]
[WhiteElo "2111"]
[BlackElo "2050"]
[PlyCount "79"]
[GameId "2123414381531804"]
[EventDate "2024.11.03"]
[EventType "team-tourn"]
[EventRounds "11"]
[EventCountry "HUN"]
[Source "chess.hu"]
[WhiteTeam "DEAC-Debr.Sakkiskola"]
[BlackTeam "NYVSC"]
[WhiteTeamCountry "HUN"]
[BlackTeamCountry "HUN"]

1. d4 f5 2. Bg5 Nf6 3. Bxf6 exf6 4. e3 d5 5. c4 c6 6. Nc3 Qb6 7. Qc2 Be6 8. cxd5 Bxd5 9. Nxd5 cxd5 10. Bd3 g6 11. Rc1 Nc6 12. a3 Rd8 13. Ne2 Bh6 14. g3 O-O 15. b4 Rfe8 16. Qc5 Bf8 17. Qxb6 axb6 18. Kd2 Ra8 19. Ra1 Kf7 20. Nc3 Ke6 21. Bc2 Bd6 22. Bb3 Ne7 23. f3 Ra7 24. Kc2 Kd7 25. Ba4+ Rxa4 26. Nxa4 Bc7 27. Kd3 g5 28. Nc3 h5 29. f4 Ke6 30. Nb5 Bb8 31. Rac1 Nc6 32. Rhf1 Rg8 33. Rf2 Rf8 34. Rfc2 Kd7 35. Nc3 Ke6 36. Na4 Bc7 37. b5 Ra8 38. bxc6 Rxa4 39. cxb7 Bd6 40. Rc6 1-0

[Event "NB1 Maroczy csoport"]
[Site "Debrecen"]
[Date "2024.12.15"]
[Round "4.9"]
[White "Borsavolgyi, Tamas"]
[Black "Nandin-Erdene, Davaademberel"]
[Result "1-0"]
[WhiteElo "2037"]
[BlackElo "1928"]
[PlyCount "81"]
[GameId "2123414419833520"]
[EventDate "2024.11.03"]
[EventType "team-tourn"]
[EventRounds "11"]
[EventCountry "HUN"]
[Source "chess.hu"]
[WhiteTeam "NYVSC"]
[BlackTeam "DEAC-Debr.Sakkiskola"]
[WhiteTeamCountry "HUN"]
[BlackTeamCountry "HUN"]

1. d4 d5 2. c4 e6 3. Nc3 c6 4. Qb3 dxc4 5. Qxc4 b5 6. Qd3 Bb7 7. Nf3 Nd7 8. g4 a6 9. a4 b4 10. Ne4 Ngf6 11. Nxf6+ Nxf6 12. g5 Nd7 13. Bg2 Bd6 14. h4 c5 15. Be3 Bd5 16. Rc1 c4 17. Rxc4 Bxc4 18. Qxc4 O-O 19. g6 Rc8 20. gxf7+ Rxf7 21. Qxe6 Qe7 22. Qb3 Kh8 23. Ng5 Rff8 24. Bh3 Bf4 25. Qd3 g6 26. Ne6 Bxe3 27. Qxe3 Rfe8 28. h5 Rc6 29. d5 Rc2 30. hxg6 Rec8 31. O-O hxg6 32. Kg2 Kg8 33. Rh1 Nf6 34. Qg5 Kf7 35. Bg4 R2c4 36. Bf3 Rg8 37. e4 Nh5 38. Rxh5 Ke8 39. Rh1 Qd7 40. e5 Rc2 41. Rh7 1-0

[Event "NB1 Maroczy csoport"]
[Site "Debrecen"]
[Date "2024.12.15"]
[Round "4.10"]
[White "Menyhart, Tibor"]
[Black "Hurkovszkij, Vladyslav"]
[Result "1-0"]
[WhiteElo "1999"]
[BlackElo "2018"]
[PlyCount "121"]
[GameId "2123414454502080"]
[EventDate "2024.11.03"]
[EventType "team-tourn"]
[EventRounds "11"]
[EventCountry "HUN"]
[Source "chess.hu"]
[WhiteTeam "DEAC-Debr.Sakkiskola"]
[BlackTeam "NYVSC"]
[WhiteTeamCountry "HUN"]
[BlackTeamCountry "HUN"]

1. d4 d5 2. c4 c6 3. Nc3 Nf6 4. Nf3 e6 5. Bg5 Be7 6. e3 Nbd7 7. Qc2 O-O 8. Rd1 Re8 9. a3 Qc7 10. Bd3 h6 11. Bh4 dxc4 12. Bxc4 Nb6 13. Ba2 Nbd5 14. O-O Nxc3 15. Qxc3 Nd5 16. Qd3 Bxh4 17. Nxh4 Bd7 18. Bb1 Nf6 19. e4 e5 20. dxe5 Rxe5 21. Qg3 Nh5 22. Rxd7 Nxg3 23. Rxc7 Nxf1 24. Kxf1 Rd8 25. Ke2 Rb5 26. b4 a5 27. Bd3 Rb6 28. Bc4 axb4 29. Bxf7+ Kh7 30. axb4 Rxb4 31. Ke3 Rb5 32. Nf5 Re5 33. Rxb7 Ra5 34. h4 Ra3+ 35. Kf4 Rda8 36. h5 R3a7 37. Bg6+ Kh8 38. Rxa7 Rxa7 39. e5 Ra4+ 40. Ke3 Ra3+ 41. Kf4 Ra4+ 42. Kg3 Re4 43. Nd6 Re1 44. Be4 Kg8 45. f4 c5 46. Kg4 c4 47. Bd5+ Kf8 48. Bxc4 Rc1 49. Kf5 Rc2 50. g4 Ke7 51. Bd3 Rc3 52. Be4 Rg3 53. Nc8+ Kd7 54. Nb6+ Ke8 55. Bc6+ Kf8 56. Bd7 Rb3 57. Nd5 Rd3 58. Ke6 Rf3 59. Kd6 Ra3 60. e6 Ra6+ 61. Bc6 1-0

[Event "NB1 Maroczy csoport"]
[Site "Debrecen"]
[Date "2024.12.15"]
[Round "4.11"]
[White "Kosa, Peter"]
[Black "Balazs, Marcell"]
[Result "1/2-1/2"]
[WhiteElo "2055"]
[BlackElo "1975"]
[PlyCount "68"]
[GameId "2123414490034896"]
[EventDate "2024.11.03"]
[EventType "team-tourn"]
[EventRounds "11"]
[EventCountry "HUN"]
[Source "chess.hu"]
[WhiteTeam "NYVSC"]
[BlackTeam "DEAC-Debr.Sakkiskola"]
[WhiteTeamCountry "HUN"]
[BlackTeamCountry "HUN"]

1. d4 d5 2. Nf3 Nf6 3. c4 e6 4. Nc3 c6 5. Bg5 dxc4 6. e4 b5 7. e5 h6 8. Bh4 g5 9. Nxg5 hxg5 10. Bxg5 Nbd7 11. exf6 Bb7 12. g3 c5 13. d5 Bh6 14. Bxh6 Rxh6 15. Qd2 Rxf6 16. Bg2 Qb6 17. O-O O-O-O 18. Rfe1 Rf5 19. Rad1 Ne5 20. Qc2 Nd3 21. Rxd3 cxd3 22. Qxd3 c4 23. Qc2 Kb8 24. dxe6 fxe6 25. Bxb7 Kxb7 26. Ne4 Qd4 27. Qc1 Re5 28. Qf4 Rf5 29. Qh6 Rdf8 30. Qxe6 Rxf2 31. Nxf2 Qxf2+ 32. Kh1 Qf3+ 33. Kg1 Qf2+ 34. Kh1 Qf3+ 1/2-1/2

[Event "NB1 Maroczy csoport"]
[Site "Debrecen"]
[Date "2024.12.15"]
[Round "4.12"]
[White "Ats, Laszlo Gyorgy"]
[Black "Blahota, Marcell"]
[Result "1/2-1/2"]
[WhiteElo "1903"]
[BlackElo "2072"]
[PlyCount "47"]
[GameId "2123414605456096"]
[EventDate "2024.11.03"]
[EventType "team-tourn"]
[EventRounds "11"]
[EventCountry "HUN"]
[Source "chess.hu"]
[WhiteTeam "DEAC-Debr.Sakkiskola"]
[BlackTeam "NYVSC"]
[WhiteTeamCountry "HUN"]
[BlackTeamCountry "HUN"]

1. d4 Nf6 2. Bf4 e6 3. e3 d5 4. c3 Bd6 5. Nf3 O-O 6. Bd3 c5 7. O-O Qc7 8. Bxd6 Qxd6 9. Ne5 b6 10. Qe2 a5 11. Nd2 Ba6 12. f4 Nfd7 13. Rf3 Bxd3 14. Qxd3 Re8 15. Rh3 Nf8 16. Rf1 Nbd7 17. Ndf3 f6 18. Ng4 cxd4 19. exd4 Qxf4 20. Nfe5 Nxe5 21. Nxe5 Qe4 22. Qxe4 dxe4 23. Nc4 f5 24. Nxb6 1/2-1/2

[Event "NB1 Maroczy csoport"]
[Site "Budapest"]
[Date "2024.12.15"]
[Round "4.1"]
[White "Bodi, Tibor"]
[Black "Kun, Gabor"]
[Result "1-0"]
[WhiteElo "2310"]
[BlackElo "2259"]
[PlyCount "87"]
[GameId "2123394269099924"]
[EventDate "2024.11.03"]
[EventType "team-tourn"]
[EventRounds "11"]
[EventCountry "HUN"]
[Source "chess.hu"]
[WhiteTeam "Aquarena Kobanya  II"]
[BlackTeam "Dr. Hetenyi Geza SK"]
[WhiteTeamCountry "HUN"]
[BlackTeamCountry "HUN"]

1. Nf3 e6 2. b3 Nf6 3. Bb2 c5 4. c4 Nc6 5. g3 d5 6. Bg2 d4 7. O-O Be7 8. e3 e5 9. exd4 exd4 10. a3 a5 11. d3 O-O 12. Re1 Re8 13. h3 Bd6 14. Rxe8+ Qxe8 15. Bc1 h6 16. Nbd2 Bf5 17. Nf1 Qd7 18. Kh2 Re8 19. Ra2 Ne5 20. Nxe5 Rxe5 21. Qf3 Re1 22. Bd2 Rb1 23. b4 Rb3 24. bxc5 Bxc5 25. Bxa5 Bxd3 26. Nd2 Rc3 27. Bxc3 dxc3 28. Nb3 b6 29. Nxc5 bxc5 30. Ra1 c2 31. Qf4 Qa4 32. Rc1 g5 33. Qd2 Qxc4 34. a4 Qd4 35. a5 Ne4 36. Bxe4 Bxe4 37. Qe3 f5 38. a6 Qa4 39. f3 Bd5 40. Qxc5 Bxf3 41. Qc8+ Kg7 42. Qc3+ Kg6 43. Qxf3 Qxa6 44. Rxc2 1-0

[Event "NB1 Maroczy csoport"]
[Site "Budapest"]
[Date "2024.12.15"]
[Round "4.2"]
[White "Issa, Rafat"]
[Black "Horvath, David"]
[Result "1/2-1/2"]
[WhiteElo "2340"]
[BlackElo "2317"]
[PlyCount "74"]
[GameId "2123394312857508"]
[EventDate "2024.11.03"]
[EventType "team-tourn"]
[EventRounds "11"]
[EventCountry "HUN"]
[Source "chess.hu"]
[WhiteTeam "Dr. Hetenyi Geza SK"]
[BlackTeam "Aquarena Kobanya  II"]
[WhiteTeamCountry "HUN"]
[BlackTeamCountry "HUN"]

1. Nf3 Nf6 2. c4 e6 3. g3 d5 4. Bg2 Be7 5. O-O O-O 6. d4 dxc4 7. Nbd2 b5 8. Ne1 c6 9. a4 Nd5 10. e4 Nb4 11. e5 Qxd4 12. axb5 Qxe5 13. bxc6 N8xc6 14. Nxc4 Qb5 15. Na3 Qb7 16. Bd2 Nd5 17. Nd3 Rd8 18. Rc1 Qa6 19. Nc5 Bxc5 20. Rxc5 Bb7 21. Bg5 Nce7 22. Qg4 Rdc8 23. Rxc8+ Rxc8 24. Rd1 Ba8 25. h4 Kf8 26. h5 h6 27. Bxe7+ Nxe7 28. Bxa8 Rxa8 29. Rd7 Qc6 30. Qd4 Nd5 31. Rxa7 Rxa7 32. Qxa7 Qc1+ 33. Kg2 Qxb2 34. Nc4 Qc3 35. Qb8+ Ke7 36. Qb7+ Kf8 37. Qb8+ Ke7 1/2-1/2

[Event "NB1 Maroczy csoport"]
[Site "Budapest"]
[Date "2024.12.15"]
[Round "4.3"]
[White "Polyik, Peter"]
[Black "Kormos, Adam"]
[Result "1-0"]
[WhiteElo "2346"]
[BlackElo "2104"]
[PlyCount "125"]
[GameId "2123394350614452"]
[EventDate "2024.11.03"]
[EventType "team-tourn"]
[EventRounds "11"]
[EventCountry "HUN"]
[Source "chess.hu"]
[WhiteTeam "Aquarena Kobanya  II"]
[BlackTeam "Dr. Hetenyi Geza SK"]
[WhiteTeamCountry "HUN"]
[BlackTeamCountry "HUN"]

1. e4 c5 2. Nf3 d6 3. d4 cxd4 4. Nxd4 Nf6 5. Nc3 g6 6. Be3 Nc6 7. f3 h5 8. h3 Bd7 9. f4 Bh6 10. Be2 Qb6 11. O-O Qc7 12. Qd2 Rd8 13. Rad1 a6 14. Nf3 b5 15. Bd3 Bg7 16. Qf2 Qb8 17. e5 dxe5 18. fxe5 Nxe5 19. Nxe5 Qxe5 20. Rde1 Qb8 21. Ba7 Qc8 22. Rxe7+ Kxe7 23. Nd5+ Nxd5 24. Bc5+ Qxc5 25. Qxc5+ Ke6 26. Be4 Be8 27. Rd1 Be5 28. Bxd5+ Kf6 29. Re1 Bd7 30. Bxf7 Kxf7 31. Qxe5 Rhe8 32. Qf4+ Bf5 33. Rxe8 Rxe8 34. Qf2 Kg8 35. Kh2 Re6 36. c3 Kg7 37. g4 hxg4 38. hxg4 Be4 39. Qd4+ Kf7 40. Kg3 Bb1 41. Qd7+ Re7 42. Qd5+ Re6 43. Kf4 Ke7 44. Kg5 Be4 45. Qc5+ Ke8 46. Kh6 Bb1 47. Qd5 Kf7 48. a3 Be4 49. Qd7+ Re7 50. Qd6 Re6 51. Qd4 Bb1 52. b3 Be4 53. Qd7+ Re7 54. Qd6 Re6 55. Qd4 Bb1 56. Qg7+ Ke8 57. Qg8+ Ke7 58. Kg7 Kd7 59. Qa8 Be4 60. Qa7+ Kd8 61. Qd4+ Ke7 62. Qc5+ Kd8 63. Kf7 1-0

[Event "NB1 Maroczy csoport"]
[Site "Budapest"]
[Date "2024.12.15"]
[Round "4.4"]
[White "Nemeth, Zoltan"]
[Black "Urhegyi, Marton"]
[Result "1/2-1/2"]
[WhiteElo "2194"]
[BlackElo "2232"]
[PlyCount "120"]
[GameId "2123394399991748"]
[EventDate "2024.11.03"]
[EventType "team-tourn"]
[EventRounds "11"]
[EventCountry "HUN"]
[Source "chess.hu"]
[WhiteTeam "Dr. Hetenyi Geza SK"]
[BlackTeam "Aquarena Kobanya  II"]
[WhiteTeamCountry "HUN"]
[BlackTeamCountry "HUN"]

1. d4 Nf6 2. g3 d5 3. Bg2 e6 4. Nf3 Be7 5. c4 O-O 6. O-O c6 7. Nbd2 b6 8. Qc2 Nbd7 9. e4 dxe4 10. Nxe4 Bb7 11. Bf4 Nxe4 12. Qxe4 Nf6 13. Qe2 c5 14. Rad1 cxd4 15. Nxd4 Qc8 16. b3 Bxg2 17. Kxg2 Qc5 18. Rfe1 Rad8 19. b4 Qc8 20. Qf3 Bxb4 21. Nc6 Rxd1 22. Rxd1 Bc5 23. Nxa7 Qa6 24. Nb5 Qxa2 25. Bd6 Bxd6 26. Nxd6 Qa8 27. Rb1 Nd7 28. Rb3 Qxf3+ 29. Rxf3 f6 30. Ra3 Rd8 31. Ra7 Ne5 32. Nb7 Rd7 33. c5 bxc5 34. Ra8+ Kf7 35. Nxc5 Rc7 36. Nb3 Rc2 37. Ra7+ Kg6 38. Nd4 Rb2 39. Nxe6 Nd3 40. Nf4+ Nxf4+ 41. gxf4 Rb3 42. f3 h5 43. h4 Rb2+ 44. Kg3 Rb1 45. Ra5 Rd1 46. Rb5 Kh7 47. Kg2 Rd7 48. Ra5 g6 49. Kg3 Kg7 50. Ra6 Kf7 51. Rb6 Rd5 52. Ra6 Ke7 53. Rb6 Rd6 54. Rb5 Ke6 55. Ra5 Rd5 56. Ra6+ Kf5 57. Rb6 Rd4 58. Ra6 Rd1 59. Ra5+ Ke6 60. Ra6+ Kf5 1/2-1/2

[Event "NB1 Maroczy csoport"]
[Site "Budapest"]
[Date "2024.12.15"]
[Round "4.5"]
[White "Halak, Miklos"]
[Black "Farkas, Richard"]
[Result "0-1"]
[WhiteElo "2201"]
[BlackElo "2242"]
[PlyCount "70"]
[GameId "2123394443212756"]
[EventDate "2024.11.03"]
[EventType "team-tourn"]
[EventRounds "11"]
[EventCountry "HUN"]
[Source "chess.hu"]
[WhiteTeam "Aquarena Kobanya  II"]
[BlackTeam "Dr. Hetenyi Geza SK"]
[WhiteTeamCountry "HUN"]
[BlackTeamCountry "HUN"]

1. e4 e6 2. d4 d5 3. Nc3 dxe4 4. Nxe4 Nd7 5. Nf3 Ngf6 6. Nxf6+ Nxf6 7. Bd3 c5 8. O-O Be7 9. dxc5 Bxc5 10. Bg5 O-O 11. Qe2 h6 12. Bh4 Qb6 13. c4 e5 14. Qxe5 Re8 15. Qc3 g5 16. Bg3 Nh5 17. Rab1 a5 18. a3 a4 19. Bc2 Bg4 20. Qd3 Qf6 21. Nd2 Qg7 22. Qd5 b6 23. Ne4 Rad8 24. Qb7 Re7 25. Qa6 Bd4 26. Nc3 f5 27. Nb5 f4 28. Nxd4 Qxd4 29. Kh1 fxg3 30. hxg3 Rf8 31. Qxa4 Rxf2 32. Rxf2 Qxf2 33. Qa8+ Kg7 34. Qd8 Rd7 35. Qe8 Qxc2 0-1

[Event "NB1 Maroczy csoport"]
[Site "Budapest"]
[Date "2024.12.15"]
[Round "4.6"]
[White "Dory, Jeno"]
[Black "Csernyik, Mark"]
[Result "1/2-1/2"]
[WhiteElo "2142"]
[BlackElo "2175"]
[PlyCount "77"]
[GameId "2123394493663204"]
[EventDate "2024.11.03"]
[EventType "team-tourn"]
[EventRounds "11"]
[EventCountry "HUN"]
[Source "chess.hu"]
[WhiteTeam "Dr. Hetenyi Geza SK"]
[BlackTeam "Aquarena Kobanya  II"]
[WhiteTeamCountry "HUN"]
[BlackTeamCountry "HUN"]

1. e4 c5 2. Nf3 d6 3. Bb5+ Bd7 4. Bxd7+ Qxd7 5. c4 Nf6 6. Nc3 e5 7. d3 g6 8. O-O Bg7 9. a3 Nc6 10. Rb1 O-O 11. b4 Nh5 12. Nd5 Ne7 13. h3 Nxd5 14. cxd5 b6 15. bxc5 bxc5 16. Bd2 Rab8 17. Qc2 h6 18. Rxb8 Rxb8 19. Rb1 Qc7 20. Rb3 f5 21. Ba5 Qc8 22. Rxb8 Qxb8 23. Nd2 Qb5 24. Nc4 Bf8 25. a4 Qb7 26. Bd2 f4 27. Qb2 Qxb2 28. Nxb2 Kf7 29. Nc4 Ke7 30. Kf1 Kd7 31. Ke2 Be7 32. Kf3 Nf6 33. g3 g5 34. gxf4 gxf4 35. Be1 Bd8 36. Bc3 Bc7 37. Be1 Bd8 38. Kg2 h5 39. Kf3 1/2-1/2